| 000 | 00617nam a2200241 a 4500 | ||
|---|---|---|---|
| 001 | nice12345678 | ||
| 003 | IN_TiNIC | ||
| 005 | 20260116013021.0 | ||
| 008 | 050524s1975 lona grp 000 0 eng | ||
| 020 |
_a _c100 |
||
| 082 | 0 | 0 |
_a953 _bKIE |
| 100 | _aKiernan, Thomas | ||
| 245 | _aArabs, Their History, Aims and Challenges to the Industrialized World | ||
| 260 |
_aLondon _bLittle Brown and Company _c1975 |
||
| 300 | _a558p | ||
| 500 | _aincludes index and biblioraphy | ||
| 505 | 2 | _aIndex | |
| 650 | _aArabs-History | ||
| 700 | 1 | _aKiernan, Thomas | |
| 902 | _bSRS | ||
| 942 | _cBK | ||
| 999 |
_c9291 _d9291 |
||